| 000 | 00860nam a2200361 a 4500 | ||
|---|---|---|---|
| 003 | AR-BaBNM | ||
| 005 | 20251128203020.0 | ||
| 008 | 082120s2002 ||||||||||||||000 | spa|| | ||
| 040 | _cAR-BaBNM | ||
| 100 | 1 | _aSeignobos, Charles | |
| 245 | 0 | 0 |
_aHistoria universal _bhistoria moderna hasta 1715. 4 |
| 260 |
_aBuenos Aires _bGranda _c1966 |
||
| 300 |
_a355 p. _bil., láms., mapas |
||
| 650 | 4 | _aHISTORIA | |
| 650 | 4 | _aECONOMIA | |
| 650 | 4 | _aDERECHO | |
| 650 | 4 | _aREFORMA | |
| 650 | 4 | _aRELIGION | |
| 650 | 4 | _aSOCIEDAD | |
| 650 | 4 | _aCAMBIO SOCIAL | |
| 650 | 4 | _aCIENCIAS POLITICAS | |
| 650 | 4 | _aGUERRA | |
| 650 | 4 | _aIGLESIA | |
| 650 | 4 | _aPOLITICA EXTERIOR | |
| 650 | 4 | _aREVOLUCION | |
| 650 | 4 | _aCIENCIA | |
| 650 | 4 | _aARTE | |
| 650 | 4 | _aLITERATURA | |
| 650 | 4 | _aTEATRO | |
| 650 | 4 | _aDESCUBRIMIENTOS | |
| 942 | _cBK | ||
| 998 | _cmariana | ||
| 999 |
_c1523 _d1523 |
||